000
00201 a2200085 4500
020
_a
9788968010910
100
_a
Damdi
245
_a
Damdi Q&A Series 5: Stairs For Public Space (P/B)
260
_b
Damdi
_c
2019
999
_c
11985
_d
11985